Sparkasse.

Činnosť mestskej sporiteľne v Kolíne v silnej konkurencii iných sporiteľní. Účasť na trhu finančných služieb. Modifikácie v sieti stabilných filiálok. Zavedenie pružných a dodatočných otváracích hodín pre poradenské služby.

Salvato in:
Dettagli Bibliografici
Autore principale: Drewes, W.
Altri autori: Tiefenthal, R.
Natura: Capitolo di libro
Lingua:tedesco
Soggetti:
Tags: Aggiungi Tag
Nessun Tag, puoi essere il primo ad aggiungerne!!

MARC

LEADER 00000naa a2200000 4500
001 r004518
005 20221208122806.9
041 0 |a ger 
044 |a DE 
245 1 0 |a Sparkasse.  |c W. Drewes, R. Tiefenthal 
520 |a Činnosť mestskej sporiteľne v Kolíne v silnej konkurencii iných sporiteľní. Účasť na trhu finančných služieb. Modifikácie v sieti stabilných filiálok. Zavedenie pružných a dodatočných otváracích hodín pre poradenské služby. 
610 2 0 |a sporiteľne 
610 2 0 |a Nemecko 
610 2 0 |a služby 
100 1 |a Drewes, W. 
700 1 |a Tiefenthal, R.